Dünden Bugüne Yunus Emre (Record no. 2603)

MARC details
000 -BAŞLIK
Sabit Uzunlukta Kontrol Alanı 00737na a2200265 4500
001 - KONTROL NUMARASI
Denetim Alanı 14857
003 - KONTROL NUMARASI IDENTIFIER
Denetim Alanı MIRAKIL
005 - SON İŞLEM TARİHİ VE ZAMANI
Denetim Alanı 20181213154903.0
008 - SABİT-BOY VERİ ELEMANLARI - GENEL BİLGİLER
Sabit Uzunlukta Kontrol Alanı 161028b tu 000 0
020 ## - ULUSLARARASI STANDART KİTAP NUMARASI
Uluslararası Standart Kitap Numarası 9751606780
040 ## - KATALOGLAMA KAYNAK
Orijinal Kataloglama Ajansı Milas
Kataloglama Dili tur
Metne Dönüştürmek Ajansı TR-AnCHP
041 ## - DİL KODU
Metin / Ses Parça Veya Ayrı Başlığın Dil Kodu tur
082 ## - DEWEY ONLU SINIFLANDIRMA NUMARASI
Sınıflandırma Numarası 809
Ürün Numarası G71d
090 ## - SINIFLAMA NUMARASI
Sınıflama Numarası 809 G71d 1995
100 ## - ANA GİRİŞ - KİŞİSEL İSİM
Kişisel Ad Göçgün, Önder
Bir Adıyla İlişkilendirilen Tarihler 1945-
245 ## - BAŞLIK TABLOSU
Başlık Dünden Bugüne Yunus Emre
Sorumluluk Tablosu, Vb Önder Göçgün
246 ## - UNVAN FORM VARYING
Başlık Doğru / Kısa Başlığı Yunus Emre
260 ## - YAYIN, DAĞITIM, VB
Yayın, Dağıtım, Vb Yeri Ankara
Yayıncı, Dağıtıcı, Vs Adı Atatürk Kültür, Dil ve Tarih Yüksek Kurumu
Yayın, Dağıtım, Vb Tarihi 1995
300 ## - FİZİKSEL TANIM
Kapsam 86 s.
Boyutlar 24 sm.
490 ## - SERİSİ TABLOSU
Seri Beyanı Atatürk Kültür Merkezi yayını
Hacim / Ardışık Tanımı 92
600 ## - KONU KATMA GİRİŞ - KURUMSAL ADI
Kişisel Ad Yunus Emre
Bir Adıyla İlişkilendirilen Tarihler 1240-1320
650 ## - KONU KATMA GİRİŞ - TOPİKAL DÖNEM
Topikal Süreli Veya Coğrafi Ad Giriş Elemanı Türk edebiyatı
650 ## - KONU KATMA GİRİŞ - TOPİKAL DÖNEM
Topikal Süreli Veya Coğrafi Ad Giriş Elemanı Tasavvuf edebiyatı
942 ## - EKLENDİ GİRİŞ ELEMANLARI (KOHA)
Sınıflandırma Veya Raf Düzeni Kaynak Dewey Decimal Classification
Koha Öğesi Türü Books
999 ## - SİSTEM KONTROL NUMARALARI (KOHA)
Koha Biblionumber 2603
Koha Biblioitemnumber 2603
Holdings
Kalıcı Konum Mevcut Konum Edinme Tarihi Edinim Kaynak Toplam Check-Out'Lar Tam Çağrı Numarası Barkod Tarih Son Görülme İtibaren Geçerli Fiyatlar Koha Öğesi Türü
CHP Kütüphanesi CHP Kütüphanesi 09/01/2016 Bağış   809 G71d 1995 002226 09/01/2016 09/01/2016 Books